Music Quiz

Random Music Quiz

One Direction Track Challenge Quiz Stats

 Plays Quiz not verified by Sporcle

Score 0/52 Timer 06:00
0 Plays Today
% Correct
Up All Night
86.8%
Midnight Memories
85.1%
18
81.9%
What Makes You Beautiful
81%
Night Changes
80.8%
Stockholm Syndrome
80.8%
Gotta Be You
80.8%
Steal My Girl
80.3%
Fool's Gold
80.3%
Fireproof
80.3%
Best Song Ever
79.7%
Story Of My Life
79%
One Thing
79%
I Wish
79%
I Want
79%
You & I
78.8%
Clouds
78.8%
No Control
78.4%
Live While We're Young
78.4%
C'Mon C'Mon
78.4%
Girl Almighty
78.1%
Where Do Broken Hearts Go
77.9%
Little Things
77.9%
Diana
77.5%
Last First Kiss
77.5%
Ready To Run
77.4%
% Correct
Taken
77.4%
Little Black Dress
77.2%
Kiss You
76.8%
Happily
76.4%
Spaces
76.4%
I Would
76.4%
Don't Forget Where You Belong
75.9%
Illusion
75.9%
Summer Love
75.7%
Rock Me
74.6%
More Than This
74.5%
Heart Attack
74.5%
Tell Me A Lie
74.1%
They Don't Know About Us
73.7%
Better Than Words
73.4%
Through The Dark
73.2%
Save You Tonight
73%
Same Mistakes
72.3%
Back For You
72.3%
Strong
71.7%
Everything About You
71%
Stole My Heart
70.7%
Something Great
70.5%
Right Now
70.1%
Change My Mind
69.2%
Over Again
67.9%

You're not logged in!

Compare scores with friends on all Sporcle quizzes.
OR
Log In

Sporcle TV

Today on Sporcle TV


Watch our educational content, quiz creation guides, and fun videos on Sporcle TV.

Show Comments

Extras

Top Quizzes Today


Score Distribution

Your Account Isn't Verified!

In order to create a playlist on Sporcle, you need to verify the email address you used during registration. Go to your Sporcle Settings to finish the process.

Report this User

Report this user for behavior that violates our Community Guidelines.

Details: